Vista normal
Vista MARC
Entrada Topical Term
Número de registros utilizados en: 1
001 - CONTROL NUMBER
- control field: 1655
003 - CONTROL NUMBER IDENTIFIER
- control field: AR-BaISA
005 - DATE AND TIME OF LATEST TRANSACTION
- control field: 20191120125421.0
008 - FIXED-LENGTH DATA ELEMENTS
- fixed length control field: 191120|| aca||babn | a|a d
040 ## - CATALOGING SOURCE
- Original cataloging agency: AR-BaISA
150 14 - HEADING--TOPICAL TERM
- Topical term or geographic name entry element: Método de revisión y evaluación de programas




